| 000 -LEADER |
| fixed length control field |
00917nam a2200241Ia 4500 |
| 001 - CONTROL NUMBER |
| control field |
2077 |
| 003 - CONTROL NUMBER IDENTIFIER |
| control field |
GE_BSU |
| 005 - DATE AND TIME OF LATEST TRANSACTION |
| control field |
20221021104325.0 |
| 008 - FIXED-LENGTH DATA ELEMENTS--GENERAL INFORMATION |
| fixed length control field |
181216s1991ru xx |||||||||||||| ||rus|| |
| 020 ## - INTERNATIONAL STANDARD BOOK NUMBER |
| International Standard Book Number |
5520007187 |
| 040 ## - CATALOGING SOURCE |
| Transcribing agency |
GE_BSU |
| 041 ## - LANGUAGE CODE |
| Language code of text/sound track or separate title |
rus |
| 080 ## - UNIVERSAL DECIMAL CLASSIFICATION NUMBER |
| Universal Decimal Classification number |
94(3) Г-499 |
| 100 ## - MAIN ENTRY--PERSONAL NAME |
| Personal name |
Гиоргадзе,Г.Г. |
| 9 (RLIN) |
15408 |
| 245 ## - TITLE STATEMENT |
| Title |
Вопросы общественного строя хеттов / |
| Statement of responsibility, etc. |
Г.Г. Гиоргадзе,ред. Н.В.Хазарадзе |
| 264 ## - PRODUCTION, PUBLICATION, DISTRIBUTION, MANUFACTURE, AND COPYRIGHT NOTICE |
| Place of production, publication, distribution, manufacture |
Тбилиси : |
| Name of producer, publisher, distributor, manufacturer |
Мецниереба, |
| Date of production, publication, distribution, manufacture, or copyright notice |
1991. |
| 300 ## - PHYSICAL DESCRIPTION |
| Extent |
190 стр.: |
| 653 ## - INDEX TERM--UNCONTROLLED |
| keyword |
Вопросы общественного строя хеттов |
| 653 ## - INDEX TERM--UNCONTROLLED |
| keyword |
არქეოლოგია |
| 700 ## - ADDED ENTRY--PERSONAL NAME |
| Personal name |
Хазарадзе, Н.В. |
| Relator term |
რედაქტორი |
| 9 (RLIN) |
15409 |
| 710 ## - ADDED ENTRY--CORPORATE NAME |
| Corporate name or jurisdiction name as entry element |
И-т истории,археологии и этнографии им. И.А. Джавахишвили |
| 9 (RLIN) |
15410 |
| 942 ## - ADDED ENTRY ELEMENTS (KOHA) |
| Koha item type |
წიგნი |
| Source of classification or shelving scheme |
|